Pays d'origine des groupes de metal - Statistiques

Statistiques générales
  • Ce quiz a été pris 26 fois
  • Le résultat moyen est 32 sur 80
Statistiques - réponses
Hint Réponse % Correct
Rammstein Allemagne
91%
Gojira France
91%
Megadeth États-Unis
86%
System of a down États-Unis
86%
Slayer États-Unis
82%
Slipknot États-Unis
77%
Korn États-Unis
77%
Pantera États-Unis
73%
The Hu Mongolie
73%
Black Sabbath Royaume-Uni
73%
Judas Priest Royaume-Uni
73%
Scorpions Allemagne
68%
Cannibal Corpse États-Unis
68%
Rise of the Northstar France
68%
Iron Maiden Royaume-Uni
68%
Sepultura Brésil
64%
Deftones États-Unis
64%
Machine Head États-Unis
64%
Powerwolf Allemagne
59%
Kreator Allemagne
59%
Airbourne Australie
59%
Type O Negative États-Unis
59%
Landmvrks France
59%
Mayhem Norvège
59%
Lamb of God États-Unis
55%
Tool États-Unis
55%
Dream Theater États-Unis
55%
Death États-Unis
55%
Helloween Allemagne
50%
Manowar États-Unis
45%
Alcest France
45%
Ghost Suède
45%
Jinjer Ukraine
45%
Mastodon États-Unis
41%
Trivium États-Unis
41%
Kyuss États-Unis
41%
Igorrr France
41%
Amon Amarth Suède
41%
Nightwish Finlande
36%
Emperor Norvège
36%
Behemoth Pologne
36%
Opeth Suède
36%
Parkway Drive Australie
32%
Rhapsody (of fire) Italie
32%
Maximum the Hormone Japon
32%
Dimmu Borgir Norvège
32%
Bring Me The Horizon Royaume-Uni
32%
Dark Tranquillity Suède
32%
Heaven Shall Burn Allemagne
27%
Blind Guardian Allemagne
27%
Amenra Belgique
27%
Children of Bodom Finlande
27%
Solstafir Islande
27%
Immortal Norvège
27%
Napalm Death Royaume-Uni
27%
Bullet for my Valentine Royaume-Uni
27%
Venom Royaume-Uni
27%
Arch Enemy Suède
27%
Meshuggah Suède
27%
In Flames Suède
27%
Architects Royaume-Uni
23%
Electric Wizard Royaume-Uni
23%
Killing Joke Royaume-Uni
23%
Kvelertak Norvège
18%
Brutus Belgique
14%
Devin Townsend/Strapping Young Lad Canada
14%
Apocalyptica Finlande
14%
1000mods Grèce
14%
Dir en Grey Japon
14%
Turbonegro Norvège
14%
Vader Pologne
14%
Wolfmother Australie
9%
Heaven in her Arms Japon
9%
Slomosa Norvège
9%
King Gizzard & the Lizard Wizard Australie
5%
Kataklysm Canada
5%
Comeback Kid Canada
5%
Cult of Luna Suède
5%
Billy Talent Canada
0%
Monkey3 Suisse
0%
Aucun quiz correspondant
Distribution des résultats
% des personnes avec chaque résultat
Percentile par nombre de réponses
Votre historique - résultats
Vous n’avez pas pris ce quiz